1737 1950 1317 1753 1958 1023 1753 1703 1595 1134 1743 1983 1348 1611 1189 1090 1752 1064 1237 1683 1348 1268 1815 1005 1101 1923 1969 1250 1737 1575 1526 1852 1705 1346 1734 1136 1736 1183 1375 1961 1328 1320 1789 1613 1432 1451 1854 1236 1218 1501 1612 1034 1041 1898 1407 1893 1742 1032 1785 1054 1835 1175 1808 1247 1995 1979 1385 1954 1231 1844 1710 1373 1950 1981 1051 1951 1541 1574 1537 1375 1568 1137 1367 1379 1942 1237 1959 1102 1016 1643 1119 1954 1719 1009 1348 1788 1738 1869 1015 BCNSPRNW ULIB Ver.6.0+V

เปลี่ยนเป็นภาษาไทย

Change to English
 แสดงรายละเอียดบรรณานุกรม
  กลับหน้าหลัก

Brief Record : Get Marc (ISO 2709) : E-mail record : QR code < ปิดหน้าต่าง
LEADER : 00000nam 2200000uu 4500
001    13399121080
003     ULIB
008    020711s2553 th a 000 0 tha d
020    9749216202
090    นว.^bซ471ก
100    Susan Donovan, ผู้เขียน เจ้าขา,ผู้แปล
245    เก็บเธอไว้ให้หัวใจกรุ่นรัก=Knock me off my feet
260    กรุงเทพฯ :^bคิวปิดพัลลิชชิ่ง,^c2553
300    263 หน้า
945    ^p189^l0^i19552
999    ^aทศพร เกษรทอง
รายการนี้ยังไม่มีแท็ก
คุณยังไม่ได้ล็อกอิน คุณสามารถมีกิจกรรมร่วมกับเว็บไซต์ได้ แต่ต้องล็อกอินก่อน ::
  ล็อกอิน

รายการสื่อสารสนเทศ

ลำดับที่ ประเภท เลขเรียก/บาร์โค้ด สถานที่ สถานะ
1. นวนิยาย
นวนิยาย
นว. ซ471ก  
  Barcode: 19552
ห้องสมุดวิทยาเขตสวรรค์ประชารักษ์
►นวนิยาย
บนชั้น
  ขอยืม

BibComment


ยังไม่เคยถูกคอมเมนท์

คอมเมนท์ทรัพยากรรายการนี้
  คอมเมนท์: เก็บเธอไว้ให้หัวใ..


 Copyright 2026. Bcnsprnw @Library